Ciudades más grandes en China - Estadísticas

Estadísticas generales
  • Esta prueba ha sido intentada 97 veces
  • La puntuación promedio es 10 de 20
Estadísticas de respuestas
Población Ciudad % Correcto
21,2 M Pekín
99%
40,8 M Shanghái
94%
70,1 M Cantón (incl. Shenzhen)
84%
12,2 M Wuhan
75%
7,25 M Hong Kong
70%
12,8 M Xi’an
63%
10,9 M Chongqing
58%
11,5 M Tianjin
56%
17,3 M Chengdu
54%
14,9 M Xiamen
51%
13,9 M Hangzhou
44%
9,30 M Nankín
42%
11,0 M Changsha
37%
9,80 M Zhengzhou
34%
7,45 M Qingdao
32%
7,80 M Hefei
28%
6,55 M Jinan
23%
8,70 M Shenyang
23%
7,30 M Ningbo
22%
8,00 M Shantou
20%
No se encontraron pruebas coincidentes
Distribución de puntuación
Porcentaje de gente con cada puntuación
Porcentaje por número respondido
Historial de tus puntuaciones
No has intentado esta prueba.